Al-Qadsiah FC Squad 2024-2025 - Statistics

General Stats
  • This quiz has been taken 3 times
  • The average score is 6 of 27
Answer Stats
# Position Nation Player % Correct
1 GK Belgium Koen Casteels
100%
6 DF Spain Nacho Fernández
100%
10 FW Gabon Pierre-Emerick Aubameyang
100%
88 MF Spain Cameron Puertas
50%
5 MF Argentina Ezequiel Fernández
50%
17 DF Uruguay Gastón Álvarez
50%
30 FW Spain Iker Almena
50%
33 FW Mexico Julián Quiñones
50%
8 MF Uruguay Nahitan Nández
50%
25 GK Saudi Arabia Abdulaziz Al-Awairdhi
0%
66 FW Saudi Arabia Abdulaziz Al-Othman
0%
23 DF Saudi Arabia Abdullah Hassoun
0%
39 MF Saudi Arabia Abdulrahman Al-Dosari
0%
28 GK Saudi Arabia Ahmed Al-Kassar
0%
11 MF Saudi Arabia Ali Abdullah Hazazi
0%
18 FW Saudi Arabia Haitham Asiri
0%
96 MF Saudi Arabia Hussain Al-Nattar
0%
15 MF Saudi Arabia Hussain Al-Qahtani
0%
40 MF Saudi Arabia Ibrahim Mohannashi
0%
4 DF Saudi Arabia Jehad Thakri
0%
- Coach Spain Míchel
0%
2 DF Saudi Arabia Mohammed Aboulshamat
0%
12 DF Saudi Arabia Mohammed Al-Shanqiti
0%
24 DF Saudi Arabia Mohammed Qasem
0%
87 DF Saudi Arabia Qasem Lajami
0%
14 FW Saudi Arabia Saif Rajab
0%
7 FW Saudi Arabia Turki Al-Ammar
0%
No matching quizzes found
Score Distribution
Percent of People with Each Score
Percentile by Number Answered
Your Score History
You have not taken this quiz